Comercio exterior revista de análisis económico y social

Gespeichert in:
Bibliographische Detailangaben
Format: Schriftenreihe
Sprache:Spanisch
Veröffentlicht: México Banco Nacional de Comercio Exterior
Schlagworte:
Tags: Tag hinzufügen
Keine Tags, Fügen Sie das erste Tag hinzu!

MARC

LEADER 00000nas1a22000001 4500
001 s120108
005 20230404124422.8
022 |a 0185-0601 
041 0 |a spa 
044 |a MX 
245 1 0 |a Comercio exterior  |b revista de análisis económico y social 
264 1 |a México  |b Banco Nacional de Comercio Exterior 
610 2 0 |a politika obchodná 
610 2 0 |a obchod zahraničný